000 00609nam a2200241 i 4500
001 C2-0079960
003 PPAK
005 20180727083816.0
008 970429s1990 enk |||| ||||| | eng d
020 _a0333539095
040 _aPPAK
_beng
_cPPAK
_erda
082 0 4 _a823
_223
090 0 0 _a823
_bGRE
_dG
100 1 _aGrey, Anthony,
_eauthor
245 1 4 _aThe Bangkok secret
264 1 _aLondon :
_bMacmillan ,
_c1990
300 _a376 pages ;
_c24 cm
336 _2rdacontent
_atext
337 _2rdamedia
_aunmediated
338 _2rdacarrier
_avolume
650 1 0 _aEnglish fiction
942 _ddc
_cB
999 _c13870
_d13870